Dilmun and its Gulf neighbours
Harriet Crawford presents a scholarly and up-to-date account of the archaeology of the Arabian Gulf from c. 4500-1500 BC. She offers a new interpretation of the structure of the urban, centralized and probably literate society of the Early Dilmun period (c. 2000-1800 BC) using material from the rece...
שמור ב:
| מחבר ראשי: | |
|---|---|
| פורמט: | ספר |
| שפה: | Undetermined |
| יצא לאור: |
Cambridge, U.K.
Cambridge University Press
1998
|
| נושאים: | |
| תגים: |
הוספת תג
אין תגיות, היה/י הראשונ/ה לתייג את הרשומה!
|
| Thư viện lưu trữ: | Trung tâm Học liệu Trường Đại học Cần Thơ |
|---|
| LEADER | 01275nam a2200217Ia 4500 | ||
|---|---|---|---|
| 001 | CTU_166474 | ||
| 008 | 210402s9999 xx 000 0 und d | ||
| 020 | |c 43.06 | ||
| 082 | |a 953.65 | ||
| 082 | |b C899 | ||
| 100 | |a Crawford, Harriet | ||
| 245 | 0 | |a Dilmun and its Gulf neighbours | |
| 245 | 0 | |c Harriet Crawford | |
| 260 | |a Cambridge, U.K. | ||
| 260 | |b Cambridge University Press | ||
| 260 | |c 1998 | ||
| 520 | |a Harriet Crawford presents a scholarly and up-to-date account of the archaeology of the Arabian Gulf from c. 4500-1500 BC. She offers a new interpretation of the structure of the urban, centralized and probably literate society of the Early Dilmun period (c. 2000-1800 BC) using material from the recently excavated site of Saar on the main Bahrain island. Like the neighboring societies in Oman and the Emirates, Dilmun was greatly influenced by its participation in the complex trade routes linking it to Mesopotamia and the Indus Valley. | ||
| 650 | |a Bahrain,Persian Gulf Region,Bahrain,Persian Gulf Region,Bahrain,Vịnh Ba Tư,Bahrain,Vịnh Ba Tư | ||
| 650 | |x Antiquities,Antiquities,Civilization,Civilization,Cổ vật,Cổ vật,Văn minh,Văn minh | ||
| 904 | |i Qhieu | ||
| 980 | |a Trung tâm Học liệu Trường Đại học Cần Thơ | ||